Statistics for Countries with Wild Penguins

Click here to take the quiz!

General Stats

  • This quiz has been taken 32,376 times
    (31,565 since last reset)
  • The average score is 9 of 13

Answer Stats

Species Country % Correct
7Argentina
95%
11Australia
94%
10Chile
94%
7New Zealand
93%
4South Africa
90%
4Brazil
76%
2Peru
66%
3Uruguay
65%
2Ecuador
57%
5UK (Falklands)
55%
2Namibia
52%
1Mozambique
48%
1Angola
41%

Score Distribution

Percentile by Number Answered

Percent of People with Each Score

Your Score History

You have not taken this quiz since the last reset